000 00857nam a22002177a 4500
999 _c371090
_d371090
008 201127b ||||| |||| 00| 0 eng d
040 _aDE-2950
_bger
_cDE-2950
_erda
041 _ager
100 _aWaldmann, Nancy:
245 _aEine osmanische Verbindung.
_bEssen und Trinken: Die Bosnierin Maryam Huseinbegovic Medic und der Syrer Mahmoud Al Eshat kombinieren im "Al Jasmin" im Oderturm arabische mit europäischer Küche. Und manchmal noch mehr./
_cNancy Waldmann
264 _c2021
653 _aFrankfurt (Oder)
653 _aGaststätte
653 _aAl Jasmin
653 _aOsmanische Küche
773 _dFrankfurt (Oder) Märkisches Verlags- und Druckhaus GmbH & Co KG
_tMärkische Oderzeitung
_g32. Jahrgang (2021) Nr. 258 vom 04.11.2021, S. 16
942 _cA